Export popredných slovenských firiem. 7 Vlajkové lode slovenskej ekonomiky

Generálny riaditeľ OTF, a.s. Nižná Ing. Anton Grobarčík a generálny riaditeľ Tatravagónky, a.s. Poprad Ing. František Králik v ankete Hospodárskych novín o cieľoch a skúsenostiach v zahraničnom obchode. Prezentácia nosných slovenských podnikov v cykle kontraktačno-prezentačných výstav Vlajkové lode...

Ausführliche Beschreibung

Gespeichert in:
Bibliographische Detailangaben
1. Verfasser: Grobarčík, A.
Weitere Verfasser: Králik, F., Višváder, P.
Format: Buchkapitel
Sprache:Slowakisch
Schlagworte:
Tags: Tag hinzufügen
Keine Tags, Fügen Sie das erste Tag hinzu!

MARC

LEADER 00000naa a2200000 4500
001 r021188
005 20230801104647.8
041 0 |a slo 
044 |a SK 
245 1 0 |a Export popredných slovenských firiem. 7  |b Vlajkové lode slovenskej ekonomiky  |c A. Grobarčík, F. Králik, P. Višváder 
520 |a Generálny riaditeľ OTF, a.s. Nižná Ing. Anton Grobarčík a generálny riaditeľ Tatravagónky, a.s. Poprad Ing. František Králik v ankete Hospodárskych novín o cieľoch a skúsenostiach v zahraničnom obchode. Prezentácia nosných slovenských podnikov v cykle kontraktačno-prezentačných výstav Vlajkové lode slovenskej ekonomiky. 
610 2 0 |a Slovensko 
610 2 0 |a 1996 
610 2 0 |a obchod zahraničný 
610 2 0 |a vývoz 
610 2 0 |a výstavy 
610 2 0 |a Vlajkové lode slovenskej ekonomiky 
610 2 0 |a OTF, a.s. Nižná 
610 2 0 |a Tatravagónka, a.s. Poprad 
100 1 |a Grobarčík, A. 
700 1 |a Králik, F. 
700 1 |a Višváder, P.